Physics Today (Record no. 180764)
[ view plain ]
| 000 -LEADER | |
|---|---|
| fixed length control field | 00920 a2200217 4500 |
| 003 - CONTROL NUMBER IDENTIFIER | |
| control field | Nust |
| 005 - DATE AND TIME OF LATEST TRANSACTION | |
| control field | 20221128130300.0 |
| 010 ## - LIBRARY OF CONGRESS CONTROL NUMBER | |
| LC control number | 86050622 |
| 020 ## - INTERNATIONAL STANDARD BOOK NUMBER | |
| International Standard Book Number | 071663192X (set) |
| 040 ## - CATALOGING SOURCE | |
| Transcribing agency | Nust |
| 082 00 - DEWEY DECIMAL CLASSIFICATION NUMBER | |
| Classification number | 530,PHY |
| 245 04 - TITLE STATEMENT | |
| Title | Physics Today |
| Remainder of title | The World Book encyclopedia of science / |
| 250 ## - EDITION STATEMENT | |
| Edition statement | Rev. ed. |
| 260 ## - PUBLICATION, DISTRIBUTION, ETC. | |
| Place of publication, distribution, etc. | Chicago : |
| Name of publisher, distributor, etc. | World Book, |
| Date of publication, distribution, etc. | 1986. |
| 300 ## - PHYSICAL DESCRIPTION | |
| Extent | 7 v. :159p |
| Other physical details | ill. (some col.) ; |
| Dimensions | 29 cm. |
| 505 0# - FORMATTED CONTENTS NOTE | |
| Formatted contents note | Introduction (Page-8), The Nature of Matter (Page-12), States of Matter (Page-20), Statics (Page-38), Dynamics (Page-46), Energy, Work and Power (Page-58), Heat (Page-62), Radiant Energy (Page-72), Sound (Page-100), Electricity (Page-108), Magnetism (Page-130), Time and Relativity (Page-136), United and Measurement (Page1428). |
| 650 #0 - SUBJECT ADDED ENTRY--TOPICAL TERM | |
| Topical term or geographic name entry element | Science |
| General subdivision | Dictionaries. |
| 9 (RLIN) | 46900 |
| 650 #0 - SUBJECT ADDED ENTRY--TOPICAL TERM | |
| Topical term or geographic name entry element | Science |
| General subdivision | Encyclopedias. |
| 9 (RLIN) | 47100 |
| 710 2# - ADDED ENTRY--CORPORATE NAME | |
| Corporate name or jurisdiction name as entry element | World Book, Inc. |
| 9 (RLIN) | 29135 |
| 942 ## - ADDED ENTRY ELEMENTS (KOHA) | |
| Source of classification or shelving scheme | |
| Koha item type | Book |
| Call number prefix | 530,PHY |
| Withdrawn status | Lost status | Source of classification or shelving scheme | Damaged status | Not for loan | Permanent Location | Current Location | Shelving location | Date acquired | Full call number | Barcode | Date last seen | Price effective from | Koha item type | Public note |
|---|---|---|---|---|---|---|---|---|---|---|---|---|---|---|
| Military College of Signals (MCS) | Military College of Signals (MCS) | General Stacks | 12/12/2016 | 530,PHY | MCS27516 | 12/08/2016 | 12/12/2016 | Book | Almirah No. 15 Shelf No. 4 |
